000 00982nam a2200241Ii 4500
003 JO-AjNU
008 230605s9999||||xx |||||||||||||| ||und||
017 _a1999/16776
020 _a977-01-6555-1
040 _aJO-AjNU
_bara
_erda
_cJO-AjNU
041 _aara
050 1 4 _aDS57.U7712 2000
100 3 _aتاليف Young، Cuyler؛ تحرير ينج، كويلر؛ ترجمة أيوب، عبد الرحمن محمد؛ مراجعة عفيفى، أبو العلا، مراجعة الصياد، محمد محمود,
_eauthor
_914814
245 0 0 _aالشرق الادنى: مجتمعه وثقافته
250 _aط2
264 3 1 _aالقاهرة: مطابع الهيئة المصرية العامة للكتاب، 2000
300 _a317ص
336 _atext
_btxt
_2rdacontent
337 _aunmediated
_bn
_2rdamedia
338 _avolume
_bnc
_2rdacarrier
490 0 _aالألف كتاب الثاني
650 4 _aالشرق الادنى - ثقافة- حضارة
_914815
999 _aA4039
_c7607
_d7607